| 000 | 00420cam a2200181ua 4500 | ||
|---|---|---|---|
| 020 | _c4.00 | ||
| 041 |
_ahin _h |
||
| 082 |
_a891.54 _bDEK/PR |
||
| 100 | _aDekchand, Sharma . | ||
| 245 |
_aPrakash deep / _cDekchand sharma. _hTextual Documents |
||
| 250 |
_a3 / _b. |
||
| 260 |
_a : _bBansal and company , _c1963. |
||
| 300 | _a198 ; . | ||
| 365 | _a4.00 | ||
| 504 | _a | ||
| 942 | _cBK | ||
| 999 |
_c6446 _d6446 |
||